000 00681nam a22002057a 4500
005 20130902150042.0
010 _aENG-108398
020 _c450.00
_a9788120348042
035 _aEN-91931
037 _bDBAD/PUB
082 _a658.4012
100 _aDesai, Sandeep
245 0 0 _aERP to E2RP :
_cby Sandeep Desai [and] Abhishek Srivastava
_ba case study approach /
260 _aDelhi
_bPHI Learning
_c2013
270 _aRimjhim house,111, Patparganj Industrial Estate
_bDelhi
_e110092
300 _axviii,402p. :
_c24cm(pbk)
_bill.
500 _aIncludes bibliographical references and index
700 _aSrivastava, Abhishek
942 _2ddc
_cEN
_mDES
_h658.4012
999 _c78892
_d78892